| 000 | 00544nam a22001457a 4500 | ||
|---|---|---|---|
| 020 | _a9781524757861 | ||
| 040 | _cNUST | ||
| 082 | _a378.1662 CRA | ||
| 100 |
_a The Princeton Review: _990797 |
||
| 245 |
_aCracking The SAT 2019: _bThe strategies, practice and review you need for the score you want |
||
| 250 | _a2019 Edition | ||
| 260 |
_aNEW YORK: _bThe Princeton Review, _c2018. |
||
| 650 |
_aSAT (Educational test) - Study guides. Universities and colleges - United States -- Entrance examinations - Study guides _989976 |
||
| 942 |
_2ddc _cBK |
||
| 999 |
_c588436 _d588436 |
||